| 000 | 00992 am a2200445 a 4500 | ||
|---|---|---|---|
| 000 | BKB | ||
| 001 | 153080 | ||
| 005 | 20200902161016.0 | ||
| 008 | 60504 ### | ||
| 010 | _a | ||
| 020 | _a9788131728222 | ||
| 082 |
_a515.35 _bE95D |
||
| 100 | 1 | _aEdwards, C. Henry | |
| 110 | _a | ||
| 245 | 1 |
_aDifferential equations and boundary value problems : computing and modeling _cby C. Henry Edwards and David E. Penney |
|
| 250 | _a3rd ed. | ||
| 260 |
_aNoida _bPearson _c2016 |
||
| 300 | _a801p. | ||
| 490 |
_a _v |
||
| 500 | _a | ||
| 600 | _a | ||
| 610 | _a | ||
| 611 | _a | ||
| 630 | _aMathematics | ||
| 650 | _a | ||
| 651 | _a | ||
| 654 | _a | ||
| 690 | _aBoundary value problems; Differential equations | ||
| 700 |
_aPenney, David E. _b _c |
||
| 710 |
_a _b _c |
||
| 711 | _a | ||
| 720 | _a | ||
| 730 | _a | ||
| 740 | _a | ||
| 752 | _a | ||
| 856 |
_a _d _f |
||
| 904 | _a | ||
| 964 |
_a _bENG _c _d _e _f _g |
||
| 965 | _a | ||
| 999 |
_c15809 _d15809 |
||